Tutti gli Stati che hanno controllato Cagliari - Statistics

Statistiche generali
  • Questo quiz è stato fatto 32 volte
    16 dall'ultimo reset
  • Il punteggio medio è 20 su 27
Statistiche sulle risposte
con Immagini Hint Risposta % Corretto
800 a.C. - 510 a.C. Civiltà Fenicia
88%
1188 - 1196 Repubblica di Pisa
88%
1196 - 1323 Repubblica di Pisa
88%
533 - 551 Impero Bizantino
81%
27 a.C. - 395 Impero Romano
81%
395 - 476 Impero Romano d'Occidente
81%
1504 - 1708 Impero Spagnolo
81%
1323 - 1504 Regno di Aragona
81%
1795 - 1815 Regno di Sardegna
81%
1815 - 1861 Regno di Sardegna-Piemonte
81%
(1196) Repubblica di Genova
81%
1946 - Oggi Repubblica Italiana
81%
1196 Sacro Romano Impero
81%
1943 - 1945 Alleati (USA)
75%
1720 - 1795 Ducato di Savoia
75%
551 - 720 Impero Bizantino
75%
510 a.C. - 480 a.C. Regno di Cartagine
75%
1861 - 1943 Regno d'Italia
75%
1945 - 1946 Regno d'Italia
75%
1708 - 1720 Arciducato d'Austria
69%
1020 - 1196 Giudicato di Cagliari
69%
476 - 533 Regno dei Vandali
69%
238 a.C. - 27 a.C. Repubblica Romana
69%
480 a.C. - 238 a.C. Repubblica di Cartagine
63%
779 - 1020 Città di Cagliari
56%
551 - 553 Regno Ostrogoto
56%
720 - 779 Califfato Omàyyade
31%
Nessun quiz corrispondente trovato
Distribuzione punteggi
Percentuale di utenti per punteggio
Percentile per numero di risposta
I tuoi punteggi nel tempo
Non hai fatto questo quiz dall'ultimo reset